| 000 | 00453nam a2200157 i 4500 | ||
|---|---|---|---|
| 001 | 149235 | ||
| 003 | ES-MaACL | ||
| 005 | 20230906203017.0 | ||
| 007 | t| | ||
| 008 | 071019s1946 sp ||||1| spa d | ||
| 100 | 1 |
_aVelasco Alonso, Angel. _9113742 |
|
| 245 | 1 | 0 |
_aValores mobiliarios / _cAngel Velasco Alonso. |
| 260 |
_aBarcelona : _b[s.n.], _c1946 ( _fArtes Gráficas Raiclan) |
||
| 300 |
_a167 p. ; _c21 cm. |
||
| 852 |
_aES-MaACL _jC-5008 _bR.25406 |
||
| 999 |
_c149235 _d149235 |
||